[Event "Madrid-chT"]
[Site "Madrid"]
[Date "2011.12.04"]
[Round "4.41"]
[White "Candela Perez, Jose"]
[Black "Hernandez Gallardo, Francisco Javier"]
[Result "0-1"]
[WhiteElo "2424"]
[BlackElo "2369"]
[PlyCount "68"]
[EventDate "2011.11.13"]
[EventType "team-tourn"]
[EventRounds "14"]
[EventCountry "ESP"]
[SourceTitle "EXT 2013"]
[Source "ChessBase"]
[SourceDate "2012.11.22"]
[SourceVersion "1"]
[SourceVersionDate "2012.11.22"]
[SourceQuality "1"]
[WhiteTeam "La Casa del Ajedrez"]
[BlackTeam "Moratalaz"]
[WhiteTeamCountry "ESP"]
[BlackTeamCountry "ESP"]

1. d4 e6 2. c4 Bb4+ 3. Nc3 Bxc3+ 4. bxc3 f5 5. Nh3 Nf6 6. f3 0-0 7. e3 d6 8. Bd3 Qe7 9. Qc2 c5 10. 0-0 Nc6 11. Nf2 e5 12. Bxf5 Bxf5 13. Qxf5 cxd4 14. cxd4 exd4 15. Re1 Ne5 16. Qc2 Rac8 17. Bb2 Nxc4 18. Bxd4 d5 19. Qf5 Qd7 20. Qg5 h6 21. Qg3 Na3 22. Bxf6 Rxf6 23. Ng4 Rg6 24. Qh3 Qe6 25. Re2 Rc2 26. Rae1 d4 27. Qh4 Qxa2 28. Qd8+ Kh7 29. Kf1 Rxe2 30. Rxe2 Qb1+ 31. Re1 Qd3+ 32. Re2 Nc2 33. e4 Qd1+ 34. Kf2 d3 0-1

[Event "Madrid-chT 1011"]
[Site "Madrid"]
[Date "2011.03.06"]
[Round "12.41"]
[White "Hernandez Gallardo, Francisco Javier"]
[Black "Herraiz Hidalgo, Herminio"]
[Result "0-1"]
[WhiteElo "2330"]
[BlackElo "2494"]
[PlyCount "42"]
[EventDate "2010.11.21"]
[EventType "team-tourn"]
[EventRounds "14"]
[EventCountry "ESP"]
[SourceTitle "EXT 2012"]
[Source "ChessBase"]
[SourceDate "2011.11.24"]
[SourceVersion "1"]
[SourceVersionDate "2011.11.24"]
[SourceQuality "1"]
[WhiteTeam "Moratalaz"]
[BlackTeam "Vallecas CDV"]
[WhiteTeamCountry "ESP"]
[BlackTeamCountry "ESP"]

1. e4 e6 2. d4 d5 3. Nd2 Be7 4. Ngf3 Nf6 5. exd5 exd5 6. Bd3 0-0 7. 0-0 c5 8. dxc5 Bxc5 9. Nb3 Bb6 10. Bg5 Bg4 11. Re1 Nc6 12. Bh4 h6 13. c3 g5 14. Bg3 Ne4 15. c4 Nxg3 16. hxg3 dxc4 17. Bxc4 Qf6 18. Re4 Rad8 19. Qe2 Bf5 20. Bd3 Bxe4 21. Qxe4 Qg6 0-1

[Event "Madrid-chT 1011"]
[Site "Madrid"]
[Date "2011.01.23"]
[Round "7.31"]
[White "Candela Perez, Jose"]
[Black "Hernandez Gallardo, Francisco Javier"]
[Result "0-1"]
[WhiteElo "2399"]
[BlackElo "2330"]
[PlyCount "76"]
[EventDate "2010.11.21"]
[EventType "team-tourn"]
[EventRounds "14"]
[EventCountry "ESP"]
[SourceTitle "EXT 2012"]
[Source "ChessBase"]
[SourceDate "2011.11.24"]
[SourceVersion "1"]
[SourceVersionDate "2011.11.24"]
[SourceQuality "1"]
[WhiteTeam "Leganes"]
[BlackTeam "Moratalaz"]
[WhiteTeamCountry "ESP"]
[BlackTeamCountry "ESP"]

1. d4 e6 2. Nf3 Nf6 3. c4 Bb4+ 4. Nc3 h6 5. g3 0-0 6. Bg2 Nc6 7. 0-0 Bxc3 8. bxc3 d6 9. c5 e5 10. cxd6 cxd6 11. Ba3 e4 12. Nd2 Re8 13. Nc4 d5 14. Nd6 Re6 15. Nxc8 Rxc8 16. Bh3 Re8 17. Bxc8 Qxc8 18. Kg2 e3 19. f3 Na5 20. Qd3 Nc4 21. Bc1 Re6 22. Rb1 b6 23. Rb4 Ne8 24. Qf5 Qc6 25. Rd1 Ned6 26. Qc2 h5 27. Rd3 Qd7 28. Qd1 a5 29. Rxc4 Nxc4 30. h4 f5 31. f4 Qe8 32. Qf1 Qa4 33. Qf3 Qxa2 34. Bxe3 Re4 35. Kf2 g6 36. Qh1 Qc2 37. g4 fxg4 38. f5 gxf5 0-1

[Event "Andorra op 28th"]
[Site "La Massana"]
[Date "2010.07.19"]
[Round "3"]
[White "Hernandez Gallardo, Francisco Javier"]
[Black "Gonzalez Vidal, Yuri"]
[Result "0-1"]
[WhiteElo "2332"]
[BlackElo "2522"]
[PlyCount "147"]
[EventDate "2010.07.17"]
[EventType "swiss"]
[EventRounds "9"]
[EventCountry "AND"]
[SourceTitle "CBM 137 Extra"]
[Source "ChessBase"]
[SourceDate "2010.09.01"]
[SourceVersion "1"]
[SourceVersionDate "2010.09.01"]
[SourceQuality "1"]

1. e4 c5 2. Nf3 d6 3. d4 cxd4 4. Nxd4 Nf6 5. Nc3 g6 6. Bc4 Bg7 7. h3 0-0 8. Bb3 Nc6 9. Be3 Na5 10. 0-0 Bd7 11. f4 Nxb3 12. axb3 e5 13. Nf3 exf4 14. Bxf4 Qb6+ 15. Kh2 Bc6 16. Qd3 Rfe8 17. Rae1 Rad8 18. Bg5 Rc8 19. Nd2 Qc5 20. Bf4 Rcd8 21. Nf3 d5 22. e5 Ne4 23. Ne2 Bb5 24. c4 Bc6 25. Ned4 dxc4 26. Qxc4 Bd5 27. Qa4 Qb6 28. Rd1 Nc5 29. Qb5 Qxb5 30. Nxb5 Bxf3 31. Rxd8 Rxd8 32. Rxf3 Nd3 33. Bg3 a6 34. e6 fxe6 35. Nc7 Ne5 36. Re3 Nc6 37. Rxe6 Bxb2 38. b4 Kf7 39. Re2 Bf6 40. b5 axb5 41. Rf2 Ke7 42. Nxb5 Be5 43. Re2 Rd5 44. Nc3 Ra5 45. Bxe5 Rxe5 46. Rb2 Na5 47. Nb5 Kd7 48. Kg3 Rd5 49. Kf4 Nc4 50. Rb4 Rf5+ 51. Kg3 Rc5 52. Nc3 Nd6 53. Ne2 b5 54. Kf4 Ke6 55. Ke3 Re5+ 56. Kd3 Kd5 57. Rh4 Re7 58. Nc3+ Kc5 59. Rd4 Re5 60. Rh4 h5 61. g4 b4 62. gxh5 gxh5 63. Nb1 Rd5+ 64. Kc2 Nf5 65. Rf4 Nd4+ 66. Kb2 Rg5 67. Rf2 Rg3 68. Rh2 Rb3+ 69. Kc1 Re3 70. h4 b3 71. Rg2 Re5 72. Kb2 Kb4 73. Nd2 Ra5 74. Nxb3 0-1

[Event "Madrid-chT Honor"]
[Site "Madrid"]
[Date "2010.02.14"]
[Round "10"]
[White "Hernandez Gallardo, Francisco Javier"]
[Black "De la Fuente Gonzalez, Francisco"]
[Result "1/2-1/2"]
[WhiteElo "2360"]
[BlackElo "2237"]
[PlyCount "131"]
[EventDate "2009.11.22"]
[EventType "team-tourn"]
[EventRounds "13"]
[EventCountry "ESP"]
[SourceTitle "EXT 2011"]
[Source "ChessBase"]
[SourceDate "2010.11.26"]
[SourceVersion "1"]
[SourceVersionDate "2010.11.26"]
[SourceQuality "1"]

1. e4 e5 2. Bc4 Nf6 3. d3 Nc6 4. Nc3 Bb4 5. Nge2 d5 6. exd5 Nxd5 7. 0-0 Be6 8. Bb5 Qd7 9. Ne4 a6 10. Ba4 Nb6 11. Bb3 Bxb3 12. axb3 0-0-0 13. Be3 f5 14. N4c3 Nd5 15. Nxd5 Qxd5 16. Nc3 Qe6 17. f3 Rhg8 18. Qe2 g5 19. Na4 Qd5 20. Kh1 Nd4 21. Qf2 f4 22. Bxd4 exd4 23. c3 Be7 24. b4 Kb8 25. c4 Qf5 26. Qd2 g4 27. b5 Rg6 28. bxa6 Rdg8 29. fxg4 Rxg4 30. Rf2 Qh5 31. Qe2 Bd6 32. Qf3 bxa6 33. Re2 Rh4 34. Qxh5 Rxh5 35. Rf1 Rxh2+ 36. Kxh2 f3+ 37. Kg1 fxe2 38. Re1 Re8 39. Kf2 Re3 40. Rxe2 Bg3+ 41. Kf1 Rxd3 42. Re8+ Ka7 43. Ke2 Rb3 44. Re6 Rb4 45. b3 Bd6 46. Kd3 Rxb3+ 47. Kxd4 Rg3 48. Re2 Ra3 49. Nc3 h5 50. Re6 Bc5+ 51. Kxc5 Rxc3 52. Rh6 Kb7 53. Rxh5 Rg3 54. Rh2 Rg5+ 55. Kb4 Kb6 56. Rh6+ c6 57. g3 a5+ 58. Ka4 Rxg3 59. Rh1 Kc5 60. Rh5+ Kxc4 61. Kxa5 c5 62. Rh4+ Kd3 63. Kb5 c4 64. Rxc4 Rg5+ 65. Rc5 Rxc5+ 66. Kxc5 1/2-1/2

[Event "Palma de Mallorca op 4th"]
[Site "Palma de Mallorca"]
[Date "2009.11.22"]
[Round "3"]
[White "Maslak, Konstantin"]
[Black "Hernandez Gallardo, Francisco Javier"]
[Result "1-0"]
[WhiteElo "2569"]
[BlackElo "2360"]
[PlyCount "57"]
[EventDate "2009.11.21"]
[EventType "swiss"]
[EventRounds "9"]
[EventCountry "ESP"]
[SourceTitle "EXT 2011"]
[Source "ChessBase"]
[SourceDate "2010.11.26"]
[SourceVersion "1"]
[SourceVersionDate "2010.11.26"]
[SourceQuality "1"]

1. e4 e6 2. d4 d5 3. Nd2 Nc6 4. Ngf3 Nf6 5. e5 Nd7 6. Bb5 a6 7. Bxc6 bxc6 8. 0-0 c5 9. dxc5 Nxc5 10. Nd4 Be7 11. Qg4 0-0 12. Nc6 Qd7 13. Nxe7+ Qxe7 14. b3 f5 15. exf6 Rxf6 16. Ba3 Rg6 17. Qe2 Bb7 18. f3 Qd6 19. Qf2 d4 20. Rad1 Qd5 21. Ne4 Nxe4 22. fxe4 Qd8 23. Rxd4 Qe8 24. Qh4 e5 25. Rd2 Rf6 26. Rxf6 gxf6 27. Qxf6 Qc6 28. Qg5+ Qg6 29. Rd8+ 1-0

[Event "ESP-ch 74th"]
[Site "Palma de Mallorca"]
[Date "2009.09.30"]
[Round "5"]
[White "Hernandez Gallardo, Francisco Javier"]
[Black "Vassallo Barroche, Mauricio"]
[Result "1/2-1/2"]
[WhiteElo "2360"]
[BlackElo "2411"]
[PlyCount "94"]
[EventDate "2009.09.26"]
[EventType "swiss"]
[EventRounds "9"]
[EventCountry "ESP"]
[SourceTitle "CBM 132 Extra"]
[Source "ChessBase"]
[SourceDate "2009.11.03"]
[SourceVersion "1"]
[SourceVersionDate "2009.11.03"]
[SourceQuality "1"]

1. e4 d6 2. d4 Nf6 3. Nc3 e5 4. Nf3 Nbd7 5. Bc4 Be7 6. 0-0 0-0 7. Re1 Nb6 8. Bf1 exd4 9. Nxd4 c5 10. Nf3 d5 11. e5 Ne8 12. a4 a5 13. Bf4 Nc7 14. h3 Bf5 15. Bg3 Bg6 16. Qd2 Ne6 17. Nb5 Qd7 18. Nh4 Bg5 19. Qd1 c4 20. b3 Qc6 21. Nxg6 hxg6 22. Nd4 Nxd4 23. Qxd4 Be7 24. bxc4 dxc4 25. Qg4 Qe6 26. Qxe6 fxe6 27. Rab1 Bc5 28. Rb5 Rfc8 29. Rd1 Rc7 30. Rdb1 Nxa4 31. Bxc4 Bxf2+ 32. Bxf2 Rxc4 33. Rxb7 Rf8 34. Ra7 Rcf4 35. Rbb7 R4f7 36. Rxf7 Rxf7 37. Rxa5 Nc3 38. Ra8+ Kh7 39. Re8 Ne4 40. Be3 Rc7 41. Rxe6 Rxc2 42. Re8 Re2 43. Bb6 g5 44. Kf1 Ng3+ 45. Kg1 Ne4 46. Kf1 Ng3+ 47. Kg1 Ne4 1/2-1/2

[Event "ESP-ch 74th"]
[Site "Palma de Mallorca"]
[Date "2009.09.29"]
[Round "4"]
[White "Alonso Rosell, Alvar"]
[Black "Hernandez Gallardo, Francisco Javier"]
[Result "1/2-1/2"]
[WhiteElo "2487"]
[BlackElo "2360"]
[PlyCount "86"]
[EventDate "2009.09.26"]
[EventType "swiss"]
[EventRounds "9"]
[EventCountry "ESP"]
[SourceTitle "CBM 132 Extra"]
[Source "ChessBase"]
[SourceDate "2009.11.03"]
[SourceVersion "1"]
[SourceVersionDate "2009.11.03"]
[SourceQuality "1"]

1. d4 Nf6 2. c4 e6 3. Nc3 Bb4 4. Qc2 0-0 5. a3 Bxc3+ 6. Qxc3 b6 7. Bg5 Bb7 8. e3 d6 9. Ne2 Nbd7 10. Qc2 c5 11. Rd1 Qc7 12. Nc3 cxd4 13. Rxd4 a6 14. f3 d5 15. cxd5 Bxd5 16. Be2 h6 17. Bh4 e5 18. Rd1 Be6 19. Qb1 b5 20. 0-0 Qb7 21. f4 Qb6 22. Bf2 Rac8 23. Rd2 Qb8 24. Bg3 Qb6 25. Bf2 Qb8 26. fxe5 Nxe5 27. Bg3 Qb6 28. Kh1 Nc4 29. Bxc4 Bxc4 30. Rf3 Rcd8 31. Rxd8 Rxd8 32. Be5 Bd3 33. Qe1 Ne4 34. Bd4 Qc7 35. Qh4 Nxc3 36. bxc3 Bg6 37. h3 Re8 38. Qg4 Re4 39. Rf4 Rxf4 40. exf4 Qc4 41. Kh2 Qe6 42. Qh4 Be4 43. Qg3 Qg6 1/2-1/2

[Event "ESP-ch 74th"]
[Site "Palma de Mallorca"]
[Date "2009.09.26"]
[Round "1"]
[White "Hernandez Gallardo, Francisco Javier"]
[Black "Diaz Sanchez, Jose Francisco"]
[Result "1-0"]
[WhiteElo "2360"]
[BlackElo "1926"]
[PlyCount "55"]
[EventDate "2009.09.26"]
[EventType "swiss"]
[EventRounds "9"]
[EventCountry "ESP"]
[SourceTitle "CBM 132 Extra"]
[Source "ChessBase"]
[SourceDate "2009.11.03"]
[SourceVersion "1"]
[SourceVersionDate "2009.11.03"]
[SourceQuality "1"]

1. e4 c5 2. Nf3 e6 3. d3 Nc6 4. g3 g6 5. d4 cxd4 6. Nxd4 Bg7 7. Nb5 d5 8. exd5 exd5 9. Qxd5 Qe7+ 10. Be2 Be5 11. 0-0 Nf6 12. Qg2 0-0 13. c3 a6 14. N5a3 Nd7 15. Nc4 Bg7 16. Be3 Nce5 17. Nbd2 Rb8 18. Rfe1 b5 19. Na5 Qd8 20. Ndb3 Qc7 21. Bf4 Re8 22. Bf1 Nc5 23. Bxe5 Rxe5 24. Qc6 Qxc6 25. Nxc6 Rxe1 26. Rxe1 Nxb3 27. Re8+ Bf8 28. Nxb8 1-0

[Event "Collado Villalba op-A 26th"]
[Site "Collado Villalba"]
[Date "2009.08.27"]
[Round "7"]
[White "Hernandez Gallardo, Francisco Javier"]
[Black "Vazquez Torres, Adrian"]
[Result "1-0"]
[WhiteElo "2352"]
[BlackElo "2149"]
[PlyCount "99"]
[EventDate "2009.08.21"]
[EventType "swiss"]
[EventRounds "9"]
[EventCountry "ESP"]
[SourceTitle "CBM 132 Extra"]
[Source "ChessBase"]
[SourceDate "2009.11.03"]
[SourceVersion "1"]
[SourceVersionDate "2009.11.03"]
[SourceQuality "1"]

1. d4 Nf6 2. Nf3 d6 3. c4 Bf5 4. Qb3 Qc8 5. Bf4 Nbd7 6. Nbd2 c6 7. Nh4 Bg6 8. Nxg6 hxg6 9. Nf3 Qc7 10. g3 e5 11. Be3 Be7 12. Bg2 Ng4 13. Bd2 exd4 14. h3 Nge5 15. Qc2 Nc5 16. Nxd4 Bf6 17. 0-0 0-0 18. b4 Na6 19. Qb3 Qe7 20. Nc2 Rac8 21. e4 b5 22. cxb5 cxb5 23. Rad1 Nc4 24. Bc3 Bxc3 25. Qxc3 Ne5 26. Qa3 Qb7 27. Ne3 Nc7 28. Rxd6 Rfd8 29. Rxd8+ Rxd8 30. Qc3 f6 31. f4 Rd3 32. Qe1 Nc4 33. Nxc4 bxc4 34. e5 Qb6+ 35. Kh2 Qe3 36. Qxe3 Rxe3 37. Rc1 c3 38. exf6 gxf6 39. Bf1 Kf8 40. Kg2 Nd5 41. Kf2 Re7 42. a3 g5 43. Bc4 Ne3 44. Bb3 gxf4 45. gxf4 Nf5 46. Rxc3 Nd4 47. Bd1 Re4 48. Kg3 Nb5 49. Rd3 Ke7 50. Bg4 1-0

[Event "Madrid-ch 0809"]
[Site "Madrid"]
[Date "2009.03.03"]
[Round "5"]
[White "Hernandez Gallardo, Francisco Javier"]
[Black "Vazquez Torres, Adrian"]
[Result "1-0"]
[WhiteElo "2281"]
[BlackElo "2065"]
[PlyCount "97"]
[EventDate "2009.02.24"]
[EventType "tourn"]
[EventRounds "11"]
[EventCountry "ESP"]
[EventCategory "3"]
[SourceTitle "CBM 129 Extra"]
[Source "ChessBase"]
[SourceDate "2009.05.05"]
[SourceVersion "2"]
[SourceVersionDate "2009.05.20"]
[SourceQuality "1"]

1. e4 c5 2. Nf3 e6 3. d3 Nc6 4. g3 d5 5. Nbd2 Nf6 6. Bg2 Qc7 7. 0-0 Be7 8. Re1 b5 9. Nf1 Bb7 10. Qe2 0-0 11. Bf4 Qb6 12. e5 Nd7 13. h4 c4 14. dxc4 bxc4 15. h5 Ba6 16. c3 Nc5 17. Be3 Qc7 18. Bxc5 Bxc5 19. b4 Be7 20. h6 g6 21. a4 Bb7 22. Red1 Rfd8 23. N1h2 Rac8 24. Qe3 Qb6 25. Qf4 Nb8 26. Ng4 Nd7 27. a5 Qc7 28. Nd4 a6 29. Re1 Bc6 30. Nxc6 Qxc6 31. Bf3 Qc7 32. Bd1 Rf8 33. Ba4 f5 34. exf6 Nxf6 35. Qd4 Qd6 36. Re2 Nh5 37. Rae1 Bf6 38. Nxf6+ Rxf6 39. Qg4 Kf7 40. Re5 Rg8 41. Kg2 Rf5 42. Rxe6 Qxe6 43. Rxe6 Kxe6 44. Qd4 Rd8 45. Qb6+ Rd6 46. Qb8 Nf6 47. Qc8+ Ke5 48. f4+ Ke4 49. Qc5 1-0

[Event "Madrid-ch sf-A"]
[Site "Madrid"]
[Date "2009.01.21"]
[Round "6"]
[White "Hernandez Gallardo, Francisco Javier"]
[Black "Ballesteros Gonzalez, David"]
[Result "1/2-1/2"]
[WhiteElo "2281"]
[BlackElo "2271"]
[PlyCount "71"]
[EventDate "2009.01.12"]
[EventType "swiss"]
[EventRounds "9"]
[EventCountry "ESP"]
[SourceTitle "CBM 128 Extra"]
[Source "ChessBase"]
[SourceDate "2009.03.05"]
[SourceVersion "2"]
[SourceVersionDate "2009.03.25"]
[SourceQuality "1"]

1. e4 c5 2. Nf3 g6 3. d4 cxd4 4. Nxd4 Nf6 5. Nc3 d6 6. Bc4 Bg7 7. h3 a6 8. Bb3 Qa5 9. 0-0 0-0 10. Be3 Nc6 11. f4 Bd7 12. Nf3 Qc7 13. Re1 e6 14. Qd2 b5 15. a3 Rad8 16. Rad1 Bc8 17. Qf2 Nd7 18. f5 Rde8 19. Ng5 Nf6 20. Qh4 Ne5 21. Rf1 h6 22. fxe6 fxe6 23. Nf3 Nxf3+ 24. Rxf3 g5 25. Qg3 Rd8 26. h4 g4 27. Rf2 Kh7 28. Rfd2 e5 29. Qe1 Qe7 30. Bf2 Bb7 31. Qe2 Bc8 32. Rd3 Bb7 33. Nd5 Bxd5 34. Bxd5 Nxd5 35. Rxd5 h5 36. Qd3 1/2-1/2

[Event "Mallorca-chT Preferente"]
[Site "Palma de Mallorca"]
[Date "2001.03.03"]
[Round "9.1"]
[White "Hernandez Gallardo, Francisco Javier"]
[Black "Segura Ariza, Jose Luis"]
[Result "1-0"]
[WhiteElo "2260"]
[BlackElo "2246"]
[PlyCount "65"]
[EventDate "2001.01.13"]
[EventType "team"]
[EventRounds "14"]
[EventCountry "ESP"]
[SourceTitle "EXT 2002"]
[Source "ChessBase"]
[SourceDate "2001.11.25"]
[SourceVersion "1"]
[SourceVersionDate "2001.11.25"]
[SourceQuality "1"]

1. e4 e6 2. d3 d5 3. Nd2 c5 4. Ngf3 Nc6 5. g3 Nf6 6. Bg2 Be7 7. 0-0 Qc7 8. Re1 b6 9. c3 Bb7 10. Qe2 h6 11. h4 a5 12. a4 Ba6 13. e5 Nd7 14. h5 0-0-0 15. Nb1 g5 16. hxg6 fxg6 17. Bh3 Nf8 18. Na3 g5 19. Nb5 Qd7 20. d4 Kb7 21. Be3 cxd4 22. Bxd4 h5 23. Bf1 Bxb5 24. axb5 Nxd4 25. Nxd4 Bc5 26. Nc6 Rc8 27. b4 Be7 28. bxa5 Bc5 29. axb6 Bxb6 30. Ra6 Ng6 31. Qd3 Rcg8 32. Rxb6+ Kxb6 33. Qd4+ 1-0

[Event "Mallorca-chT Preferente"]
[Site "Palma de Mallorca"]
[Date "2001.01.27"]
[Round "3.1"]
[White "Hernandez Gallardo, Francisco Javier"]
[Black "Castro Valero, Juan"]
[Result "1-0"]
[WhiteElo "2260"]
[BlackElo "2113"]
[PlyCount "67"]
[EventDate "2001.01.13"]
[EventType "team"]
[EventRounds "14"]
[EventCountry "ESP"]
[SourceTitle "EXT 2002"]
[Source "ChessBase"]
[SourceDate "2001.11.25"]
[SourceVersion "1"]
[SourceVersionDate "2001.11.25"]
[SourceQuality "1"]

1. e4 e6 2. d3 d5 3. Nd2 c5 4. Ngf3 Nc6 5. g3 Nf6 6. Bg2 Be7 7. 0-0 0-0 8. Re1 Qc7 9. e5 Nd7 10. Qe2 a6 11. Nf1 b5 12. Bf4 Bb7 13. h4 Rac8 14. N1h2 Rfe8 15. h5 h6 16. Ng4 Bf8 17. Qd2 Kh7 18. a3 Nd8 19. d4 cxd4 20. Bf1 Nc5 21. Nxd4 Ne4 22. Bd3 Kh8 23. Qe3 Nc6 24. c3 Qb6 25. Rad1 Bc5 26. Bb1 a5 27. f3 f5 28. exf6 e5 29. Bxh6 exd4 30. Bxg7+ Kg8 31. Nh6+ Kh7 32. Bxe4+ dxe4 33. Qg5 d3+ 34. Kh2 1-0

[Event "ESP-chT"]
[Site "Spain"]
[Date "1998.??.??"]
[Round "?"]
[White "Gamundi Salamanca, Antonio"]
[Black "Hernandez Gallardo, Francisco Javier"]
[Result "1-0"]
[WhiteElo "2445"]
[BlackElo "2265"]
[PlyCount "69"]
[EventDate "1998.??.??"]
[EventType "team"]
[EventRounds "9"]
[EventCountry "ESP"]
[SourceTitle "EXT 2004"]
[Source "ChessBase"]
[SourceDate "2003.11.25"]
[SourceVersion "1"]
[SourceVersionDate "2003.11.25"]
[SourceQuality "1"]

1. c4 e6 2. d4 d5 3. Nc3 c6 4. e3 f5 5. f4 Nf6 6. Nf3 Bd6 7. Bd3 0-0 8. 0-0 Ne4 9. Bd2 b6 10. Be1 Nd7 11. Rc1 Bb7 12. Bh4 Ndf6 13. Ne5 Qe8 14. Qe2 Rc8 15. cxd5 exd5 16. Nxe4 Nxe4 17. Rc2 Rc7 18. Rfc1 c5 19. b3 Qe6 20. h3 Rfc8 21. g4 cxd4 22. Rxc7 Rxc7 23. Rxc7 Bxc7 24. exd4 Qh6 25. Bxe4 fxe4 26. Qb5 Qe6 27. f5 Qc8 28. Qd7 Qxd7 29. Nxd7 Bc6 30. Ne5 Bxe5 31. dxe5 d4 32. Bg5 g6 33. e6 gxf5 34. gxf5 e3 35. f6 1-0

[Event "Malgrat del Mar op"]
[Site "Malgrat del Mar"]
[Date "1998.??.??"]
[Round "?"]
[White "Garriga Nualart, Josep"]
[Black "Hernandez Gallardo, Francisco Javier"]
[Result "1-0"]
[WhiteElo "2340"]
[BlackElo "2255"]
[PlyCount "69"]
[EventDate "1998.??.??"]
[EventType "swiss"]
[EventRounds "9"]
[EventCountry "ESP"]
[SourceTitle "EXT 2003"]
[Source "ChessBase"]
[SourceDate "2002.11.25"]
[SourceVersion "1"]
[SourceVersionDate "2002.11.25"]
[SourceQuality "1"]

1. d4 Nf6 2. c4 e6 3. Nf3 d5 4. Bg5 Be7 5. Nc3 c6 6. e3 0-0 7. Qc2 Nbd7 8. 0-0-0 a6 9. c5 b6 10. Na4 b5 11. Nc3 b4 12. Na4 a5 13. Bd3 Ba6 14. Bxa6 Rxa6 15. h4 h6 16. Bf4 Nh5 17. g4 Nxf4 18. exf4 f5 19. Rdg1 Qb8 20. Ne5 Nxe5 21. fxe5 Qb5 22. gxf5 Rxf5 23. Rg6 Kf7 24. Rhg1 Bf8 25. Nb6 Rxb6 26. cxb6 Qxb6 27. Rxe6 Kxe6 28. Rg6+ Rf6 29. exf6 gxf6 30. Rg8 Be7 31. Qe2+ Kf7 32. Qg4 Qc7 33. Rh8 f5 34. Qg8+ Kf6 35. Rxh6# 1-0